000 00416nam a22001577a 4500
005 20250714095007.0
008 250714b |||||||| |||| 00| 0 eng d
082 _a005.8
_bROB-U
100 _aRobbins, Kay A.
245 _aUnix System Programming /
_cKay A.Robbins
260 _aUSA:
_bElsevier;
_c2020.
300 _axiv, p. :
_bill;
_c24 cm.
500 _ainclude index.
650 _aProgramming
999 _c36969
_d36969